U.S. Geography by Letter - R - Statistics

General Stats
  • This quiz has been taken 30,638 times
    9,039 since last reset
  • The average score is 12 of 18
Answer Stats
Clue Answer % Correct
Mountain with four Presidents carved into its face Mount {Rushmore}
99%
Smallest U.S. state Rhode Island
99%
Mountain chain stretching from New Mexico to Canada {Rocky} Mountains
89%
Capital of Virginia Richmond
88%
Capital of North Carolina Raleigh
86%
Decaying industrial region of the U.S. {Rust} Belt
82%
City in Nevada near Lake Tahoe Reno
77%
Popular place to ice skate in midtown Manhattan {Rockefeller} Center
74%
Volcano which looms over Seattle Mount {Rainier}
72%
National Park known for its tall trees Redwood
71%
Famous Beverly Hills shopping street {Rodeo} Drive
69%
City home to the International UFO Museum Roswell
58%
Biggest city on the U.S. side of Lake Ontario Rochester
55%
Region where you'd find the above city {Research} Triangle
52%
Island in North Carolina which was the first site of attempted English settlement in the United States {Roanoke} Island
52%
Island that contains New York City's largest jail {Rikers} Island
51%
City near Philadelphia whose railroad appears in the "Monopoly" board game Reading
42%
Biggest island in Lake Superior Isle {Royale}
35%
No matching quizzes found
Score Distribution
Percent of People with Each Score
Percentile by Number Answered
Your Score History
You have not taken this quiz since the last reset